| 000 | 00914nam a2200253Ia 4500 | ||
|---|---|---|---|
| 003 | OSt | ||
| 005 | 20220923212030.0 | ||
| 006 | a|||||r|||| 00| 0 | ||
| 007 | ta | ||
| 008 | 220922b |||||||| |||| 00| 0 hin d | ||
| 024 | _a150,059 | ||
| 037 | _cTextual | ||
| 040 |
_aARTS _cARTS _bhin |
||
| 041 |
_2hin _ahin |
||
| 082 | _a2:55, 152K8 | ||
| 100 | _aगौड़, प्रभु नारायण | ||
| 245 | 0 |
_aहिन्दी विषय शीर्षक सूची _b सिद्धान्त और प्रयोग |
|
| 246 | _aHindī viṣhaya shīrṣhak sūchī: siddhānta aur prayoga | ||
| 260 |
_afnYyh] _bHkkjrh; _c1968 |
||
| 300 |
_a406p _ccm. |
||
| 650 |
_aपुस्तकालय-सूचना प्रौद्योगिकी _9158639 |
||
| 942 |
_h2:55, 152K8 _cTEXL _2CC |
||
| 999 |
_c305739 _d305739 |
||